|
|
|
|
| LEADER |
01049cgm a2200253 a 4500 |
| 005 |
20251105122529.0 |
| 006 |
a|||||r|||| 0| vl |
| 007 |
vd cvaizk |
| 008 |
171125t1966 nyu120 000 vleng d |
| 020 |
|
|
|a 0769796060
|
| 040 |
|
|
|a BD-DhAAL
|c BD-DhAAL
|
| 082 |
0 |
4 |
|a 839.8226
|2 20
|
| 100 |
1 |
|
|a Miller, Arther,
|d 1915-2005,
|e author.
|9 59802
|
| 245 |
1 |
3 |
|a An enemy of the people
|h [DVD] /
|c Arthur Miller ; produced by Jack Landau ; directed by Paul Bogart ; starring, James Daly, Philip Boscoand Kate Reid.
|
| 260 |
|
|
|a New York :
|b Thirteen/WNET,
|c c1966.
|
| 300 |
|
|
|a videodisc [DVD] (120 min.) :
|b sd., col. ;
|c 4 3/4 in.
|
| 526 |
8 |
|
|a ENH
|
| 538 |
|
|
|a Digital video disc, Dolby.
|
| 541 |
1 |
|
|e 00020442
|
| 650 |
|
0 |
|a Norwegian drama.
|9 4839
|
| 852 |
4 |
|
|a Ayesha Abed Library
|j General shelf
|
| 942 |
|
|
|2 ddc
|c AV
|
| 999 |
|
|
|c 8922
|d 8922
|
| 952 |
|
|
|0 0
|1 4
|2 ddc
|4 0
|6 839_822600000000000_MIL
|7 0
|9 10918
|a BRACUL
|b BRACUL
|c AV
|d 2010-06-13
|e BRAC Institute of Language
|g 500.00
|l 0
|o 839.8226 MIL
|p 4010020442
|r 2010-06-13
|t 1
|v 500.00
|w 2010-06-13
|y AV
|x Koha Inventory 2020
|